[Event "Coimbra op"]
[Site "Coimbra"]
[Date "2014.04.26"]
[Round "4"]
[White "Bastiao, Goncalo de Oliveira"]
[Black "Teixeira, Rafael Eduardo"]
[Result "1/2-1/2"]
[WhiteElo "1351"]
[BlackElo "1725"]
[PlyCount "140"]
[EventDate "2014.04.25"]
[EventType "swiss"]
[EventRounds "7"]
[EventCountry "POR"]
[SourceTitle "CBM 160 Extra"]
[Source "ChessBase"]
[SourceDate "2014.07.01"]
[SourceVersion "1"]
[SourceVersionDate "2014.07.01"]
[SourceQuality "1"]

1. e4 e6 2. d4 d5 3. exd5 exd5 4. Nc3 c6 5. Nf3 Bd6 6. Bd3 h6 7. 0-0 Qf6 8. Ne2 Ne7 9. Re1 Be6 10. Ng3 g6 11. c3 Nd7 12. b4 a6 13. a4 Qg7 14. Bb2 0-0 15. b5 Nf6 16. bxa6 bxa6 17. Qe2 a5 18. Ba3 Bxa3 19. Rxa3 Rfb8 20. Ne5 Rb6 21. Bc2 Rab8 22. Raa1 Rb2 23. Rab1 Qf8 24. Rxb2 Rxb2 25. Rb1 Qb8 26. Qd1 h5 27. Nd3 Rxb1 28. Qxb1 Qxb1+ 29. Bxb1 h4 30. Ne2 Ne4 31. f3 Nd2 32. Bc2 h3 33. Nc5 hxg2 34. Kxg2 Nf5 35. Kf2 Nc4 36. Nb3 Nfe3 37. Bd3 Nd1+ 38. Ke1 Ndb2 39. Bxc4 Nxc4 40. Nc5 Bf5 41. Kd1 Kf8 42. Nc1 Ke7 43. N1b3 Bc8 44. Ke2 Kf6 45. f4 g5 46. Kf3 g4+ 47. Kg3 Kg6 48. Nc1 Bf5 49. N1d3 f6 50. Nf2 Ne3 51. Nb3 Bc2 52. Nxa5 Bxa4 53. Nxg4 Nd1 54. h4 Nxc3 55. Kf3 Bd1+ 56. Kg3 Ne4+ 57. Kh3 c5 58. f5+ Kg7 59. dxc5 Nxc5 60. Ne3 Bf3 61. Kg3 Be4 62. Kf4 d4 63. Nf1 Bd5 64. Nd2 Kh6 65. Kg4 Nd3 66. Nac4 Bxc4 67. Nxc4 Ne5+ 68. Nxe5 fxe5 69. Kf3 d3 70. Ke3 e4 1/2-1/2